| 000 | 00598nam a22001937a 4500 | ||
|---|---|---|---|
| 003 | CEME | ||
| 005 | 20210628201703.0 | ||
| 008 | 210215b xxu||||| |||| 00| 0 eng d | ||
| 020 | _a0-201-53305-7 | ||
| 040 | _c. | ||
| 082 | _a515.15 COC | ||
| 100 |
_aThomas, George B Finney, Ross.L Cochran, Thomas L _956349 |
||
| 245 | _aCalculus and analytic geometry by thomas and finney student's solutions manual part-1 | ||
| 250 | _a8TH | ||
| 260 |
_aNEW YORK _bADDISON WESLEY PUBLISHER _c1992 |
||
| 300 | _a208P | ||
| 650 |
_aSOLUTION MANUAL.CALCULUS AND ANALYTIC GEOMETRY _956350 |
||
| 942 |
_cBK _2ddc |
||
| 999 |
_c566797 _d566797 |
||